Statistics for Scotland National Football Team Managers

Click here to take the quiz!

General Stats

  • This quiz has been taken 90 times
    (51 since last reset)
  • The average score is 12 of 26

Answer Stats

YearsManager% Correct
2013-17Gordon Strachan
96%
2007 | 2017-Alex McLeish
83%
1965-66 | 1978-85Jock Stein
79%
1985-86*Alex Ferguson
79%
2004-07Walter Smith
75%
2002-04Berti Vogts
75%
1967-71Bobby Brown
71%
1993-02Craig Brown
71%
1986-93Andy Roxburgh
67%
1977-78Ally MacLeod
65%
2009-12Craig Levein
60%
2008-09George Burley
56%
1973-77Willie Ormond
40%
1971-72Tommy Docherty
29%
2004*Tommy Burns
29%
2017*Malky Mackay
19%
2012*Billy Stark
17%
1958Matt Busby
17%
1954 | 1959-60Andy Beattie
13%
1966John Prentice
10%
1966-67*Malky McDonald
8%
1960-65Ian McColl
8%
1958*Dawson Walker
2%

Score Distribution

Percentile by Number Answered

Percent of People with Each Score

Your Score History

You have not taken this quiz since the last reset